000 00555ntaaa2200193 4500
003 01
005 20251027201603.0
008 0714s1973 ag 01
040 _aAR-BaBN
_bspa
_cAR-BaBN
_eaacr
_dRIC
082 _a230.0000 P61
100 _aPieters, Alberto
_914497
245 _aHechos y ministerios de la fe cristiana
250 _a1 ed. :
_bCLIE,
_cn.f.
300 _a251 p.
500 _auna breve exposición de las cosas que creemos los cristianos y por qué las creemos
650 _aDoctrina Cristiana
_9648
650 _aTeología
942 _cBK
999 _c10466
_d10466